| 000 | 00473nam a22001697a 4500 | ||
|---|---|---|---|
| 003 | BD-DhUL | ||
| 005 | 20210825104530.0 | ||
| 008 | 180917s1990 ii ||||| |||| 00| 0 urd d | ||
| 040 |
_aBD-DhUL _cBD-DhUL |
||
| 082 |
_a891.431 _bJAS |
||
| 100 | 1 | _aجیدی، ساغر | |
| 245 | 1 |
_aثبوت / _cساغر جیدی |
|
| 260 |
_aمدراس : _bعلیم صبا نویدمی، _c۔۱۹۹۰ |
||
| 300 |
_aص۔ ۶۴ ؛ _c۲۲ سم۔ |
||
| 650 | 4 | _aUrdu poetry | |
| 942 |
_2ddc _cBK |
||
| 999 |
_c243503 _d243503 |
||